<The> power of habit why we do what we do and how to change

Salvato in:
Dettagli Bibliografici
Autore principale: Duhigg, Charles
Natura: Libro
Lingua:inglese
Pubblicazione: London Random House Books 2014
Soggetti:
Tags: Aggiungi Tag
Nessun Tag, puoi essere il primo ad aggiungerne!!

MARC

LEADER 00000nam a2200000 4500
001 0215194
005 20240312115926.5
020 |a 978-1-847-94624-9 
041 0 |a eng 
044 |a GB 
245 1 0 |a <The> power of habit  |b why we do what we do and how to change  |c Charles Duhigg 
264 1 |a London  |b Random House Books  |c 2014 
300 |a 371 s. 
610 2 0 |a spoločnosť 
610 2 0 |a správanie sociálne 
610 2 0 |a návyk 
610 2 0 |a problémy spoločenské 
610 2 0 |a analýzy 
610 2 0 |a poradenstvo 
610 2 0 |a psychológia 
610 2 0 |a psychológia sociálna 
100 1 |a Duhigg, Charles